Normal view
MARC view
- NUMERICAL LINEAR ALGEBRA
Entry Topical Term
001 - CONTROL NUMBER
- control field: 64633
003 - CONTROL NUMBER IDENTIFIER
- control field: NUST
005 - DATE AND TIME OF LATEST TRANSACTION
- control field: 20210628203317.0
008 - FIXED-LENGTH DATA ELEMENTS
- fixed length control field: 210628|| aca||aabn | a|a d
040 ## - CATALOGING SOURCE
- Original cataloging agency: NUST
- Transcribing agency: NUST
150 ## - HEADING--TOPICAL TERM
- Topical term or geographic name entry element: NUMERICAL LINEAR ALGEBRA
670 ## - SOURCE DATA FOUND
- Source citation: Work cat.: (NUST): Sundarapandian, V 76, Numerical linear algebra, 2008
